LIBRARY & INFORMATION CENTRE, KCAET, TAVANUR

ONLINE PUBLIC ACCESS CATALOGUE (OPAC)

Microbiological Research and Development for the Food Industry (Record no. 14563)

MARC details
000 -LEADER
fixed length control field 00311nam a22001217a 4500
020 ## - INTERNATIONAL STANDARD BOOK NUMBER
ISBN 9781439834831
082 ## - DEWEY DECIMAL CLASSIFICATION NUMBER
Classification number 576
Item number TAO/MI
245 ## - TITLE STATEMENT
Title Microbiological Research and Development for the Food Industry
260 ## - PUBLICATION, DISTRIBUTION, ETC. (IMPRINT)
Place of publication Boca Raton
Name of publisher CRC Press
Year of publication 2013
300 ## - PHYSICAL DESCRIPTION
Number of Pages 345
700 ## - ADDED ENTRY--PERSONAL NAME
Personal name Taormina,Peter
942 ## - ADDED ENTRY ELEMENTS (KOHA)
Koha item type Books
Holdings
Withdrawn status Lost status Damaged status Collection code Home library Current library Shelving location Date acquired Source of acquisition Cost, normal purchase price Full call number Accession Number Koha item type
        KAUAET KAUAET General Stacks 16/07/2016 Dream Tech, Trivandrum 10127.70 576. TAO/MI 24445 Books
free website counter